| 000 | 00438nam a2200181Ia 4500 | ||
|---|---|---|---|
| 005 | 20220616102752.0 | ||
| 008 | 131103s9999 xx 000 0 und d | ||
| 040 | _aLoreto College | ||
| 041 | _aEnglish | ||
| 082 |
_aF _bKNE |
||
| 100 | _aKnebel, Fletcher | ||
| 245 |
_aVanished _cFletcher Knebel |
||
| 260 |
_aLondon _bSphere Books Ltd. _c1968 |
||
| 300 | _a335 p. | ||
| 650 | _aFiction in English | ||
| 850 | _aLCLIB | ||
| 942 | _cBK | ||
| 999 |
_c16721 _d67200 |
||